书目信息 |
| 题名: |
全脑思维训练场
|
|
| 作者: | 袁劲松 著 | |
| 分册: | ||
| 出版信息: | 北京 中央编译出版社 2002 |
|
| 页数: | 469页 | |
| 开本: | 23cm | |
| 丛书名: | 思维训练精品书系 | |
| 单 册: | ||
| 中图分类: | B804 , B80 | |
| 科图分类: | ||
| 主题词: | 思维方法--训练 | |
| 电子资源: | ||
| ISBN: | 7-80109-488-3 | |
| 000 | 01081oam2 2200289 450 | |
| 001 | 0932963281 | |
| 005 | 20090927092410.85 | |
| 010 | @a7-80109-488-3@dCNY21.80 | |
| 100 | @a20060104d2002 em y0chiy50 ea | |
| 101 | 0 | @achi |
| 102 | @aCN@b110000 | |
| 105 | @aa z 000yy | |
| 106 | @ar | |
| 200 | 1 | @a全脑思维训练场@e思维培训指南@dA guide to brain power training@f袁劲松著@zeng@Aquan nao si wei xun lian chang |
| 210 | @a北京@c中央编译出版社@d2002 | |
| 215 | @a469页@c图@d23cm | |
| 225 | 2 | @a思维训练精品书系@v1 |
| 330 | @a本书包括关于思维训练、思维训练原理、发散思维训练、收敛思维训练、创造思维训练、形象思维训练、辨证思维训练、立体思维训练、反向思维训练、系统思维训练、逻辑思维训练、谋略思维训练等方面的内容。 | |
| 461 | 0 | @1001003239919 |
| 510 | 1 | @aGuide to brain power training@zeng |
| 517 | 1 | @a思维培训指南@Asi wei pei xun zhi nan |
| 606 | 0 | @a思维方法@x训练 |
| 690 | @aB804@v4 | |
| 690 | @aB80@v4 | |
| 701 | 0 | @a袁劲松@c(思维训练)@4著@Ayuan jin song |
| 801 | 0 | @aCN@b大连网信软件有限公司图书馆·11@c20090927 |
| 905 | @a10447@dB80@eJY4 | |
| 全脑思维训练场:思维培训指南=A guide to brain power training/袁劲松著.-北京:中央编译出版社,2002 |
| 469页:图;23cm .-(思维训练精品书系;1 ) |
| ISBN 7-80109-488-3:CNY21.80 |
| 本书包括关于思维训练、思维训练原理、发散思维训练、收敛思维训练、创造思维训练、形象思维训练、辨证思维训练、立体思维训练、反向思维训练、系统思维训练、逻辑思维训练、谋略思维训练等方面的内容。 |
| ● |
| 相关链接 |
|
|
|
|
正题名:全脑思维训练场
索取号:B80/JY4
 
预约/预借
| 序号 | 登录号 | 条形码 | 馆藏地/架位号 | 状态 | 备注 |
| 1 | 7809952 | 278099521 | 学院路分馆/ [索取号:B80/JY4] | 在馆 | |
| 2 | 7809953 | 278099530 | 学院路分馆/ [索取号:B80/JY4] | 在馆 | |
| 3 | 7809954 | 278099549 | 学院路分馆/ [索取号:B80/JY4] | 在馆 |